Advanced law lexicon : (Record no. 139883)

MARC details
000 -LEADER
fixed length control field 00946nam a22002297a 4500
005 - DATE AND TIME OF LATEST TRANSACTION
control field 20170515164237.0
010 ## - LCCN (DPL NO)
LC control number ENG-118154-157
020 ## - INTERNATIONAL STANDARD BOOK NUMBER
Terms of availability 7500.00 (Set of 4 Vols)
International Standard Book Number 9789350358863 (4 vols)
035 ## - SYSTEM CONTROL NUMBER
System control number EN-101686-689
037 ## - SOURCE OF ACQUISITION
Source of stock number/acquisition DBAD/PUB
082 ## - DEWEY DECIMAL CLASSIFICATION NUMBER
Classification number 349.5403
100 ## - MAIN ENTRY--PERSONAL NAME
Personal name Aiyar, P. Ramanatha
245 00 - TITLE STATEMENT
Title Advanced law lexicon :
Statement of responsibility, etc by P Ramanatha Aiyar ; Shakil Ahmad Khan
Remainder of title the encyclopaedic law dictionray with words and phrases, legal maxims and latin terms /
246 ## - VARYING FORM OF TITLE
Title proper/short title P Ramanatha Aiyar's Advanced law lexicon
250 ## - EDITION STATEMENT
Edition statement 5th ed
260 ## - PUBLICATION, DISTRIBUTION, ETC. (IMPRINT)
Place of publication, distribution, etc Gurgaon
Name of publisher, distributor, etc Lexis Nexis
Date of publication, distribution, etc 2017
270 ## - ADDRESS
Address 14th Floor, Bldg. No.10, Tower-B, DLF Cyber City, Phase-II
City Gurgaon
Postal code 122002
300 ## - PHYSICAL DESCRIPTION
Extent 4 vols (xcv,1288p.; xcv,1289-2734p.; xcv,2735-4259p.; xcv,4260-5571p.)
Dimensions 24cm(Hb)
500 ## - GENERAL NOTE
General note Includes bibliographical references
505 ## - FORMATTED CONTENTS NOTE
Formatted contents note v.1--A-C. v.2--D-I. v.3--J-P. v.4--Q-Z
942 ## - ADDED ENTRY ELEMENTS (KOHA)
Source of classification or shelving scheme Dewey Decimal Classification
Item type English Books
Call number suffix AIY
Classification part 349.5403
Holdings
Withdrawn status Lost status Materials specified (bound volume or other part) Not for loan Collection code Home library Current library Date acquired Source of acquisition Cost, normal purchase price Full call number Barcode Copy number Cost, replacement price Koha item type
    v.1 Not For Loan Non-fiction D.B.Act.Division Bawana 15/05/2017 DBAD/PUB 7500.00 349.5403 AIY EN-101686 1 7500.00 English Books
    v.2 Not For Loan Non-fiction D.B.Act.Division Bawana 15/05/2017 DBAD/PUB 7500.00 349.5403 AIY EN-101687 1 7500.00 English Books
    v.3 Not For Loan Non-fiction D.B.Act.Division Bawana 15/05/2017 DBAD/PUB 7500.00 349.5403 AIY EN-101688 1 7500.00 English Books
    v.4 Not For Loan Non-fiction D.B.Act.Division Bawana 15/05/2017 DBAD/PUB 7500.00 349.5403 AIY EN-101689 1 7500.00 English Books

© Delhi Public Library
Hit Counter
free hit counter